| 000 | 00600cam a2200217 4500500 | ||
|---|---|---|---|
| 005 | 20260405003517.0 | ||
| 041 | _afre | ||
| 042 | _adc | ||
| 100 | 1 | 0 |
_aDurand, Jean-Marie _eauthor |
| 245 | 0 | 0 | _aL’Héritage nu |
| 260 | _c2022. | ||
| 500 | _a19 | ||
| 690 | _aAharon Appelfeld | ||
| 690 | _aEnfance | ||
| 690 | _aHéritage | ||
| 690 | _aMort | ||
| 690 | _aShoah | ||
| 690 | _aSouvenirs | ||
| 786 | 0 | _nPhilosophie magazine | 159 | 5 | 2022-05-01 | p. 61-62 | 1951-1787 | |
| 856 | 4 | 1 | _uhttps://shs.cairn.info/magazine-philosophie-magazine-2022-5-page-61?lang=fr&redirect-ssocas=7080 |
| 999 |
_c2068222 _d2068222 |
||